| 000 | 01084cam a2200337 i 4500 | ||
|---|---|---|---|
| 001 | 14521393 | ||
| 003 | EG-ScBUE | ||
| 005 | 20230622124809.0 | ||
| 008 | 060826t2006 mdua f b 001 0 eng d | ||
| 020 | _a0742538230 (pbk. : alk. paper) | ||
| 020 | _a9780742538238 | ||
| 040 |
_aDLC _beng _erda _cDLC _dDLC _dEG-ScBUE |
||
| 043 |
_ae------ _aaw----- |
||
| 082 | 0 | 4 |
_a909.07 _222 _bMAD |
| 100 | 1 |
_aMadden, Thomas F., _eauthor. _939056 |
|
| 245 | 1 | 4 |
_aThe new concise history of the Crusades / _cThomas F. Madden. |
| 250 | _aUpdated student edition. | ||
| 264 | 1 |
_aLanham, Maryland : _bRowman & Littlefield Publishers, _c[2006] |
|
| 264 | 4 | _cc2006 | |
| 300 |
_axiii, 261 pages : _billustrations ; _c24 cm. |
||
| 336 |
_2rdacontent _atext _btxt |
||
| 337 |
_2rdamedia _aunmediated _bn |
||
| 338 |
_2rdacarrier _avolume _bnc |
||
| 490 | 0 | _aCritical issues in history | |
| 504 | _aIncludes bibliographical references and index. | ||
| 650 | 7 |
_aCrusades. _2BUEsh _939057 |
|
| 651 | _2BUEsh | ||
| 653 |
_bBUSBOL _cJuly2015 _cJanuary2016 |
||
| 655 | _vReading book | ||
| 942 |
_2ddc _cBB |
||
| 999 |
_c20152 _d20124 |
||